000 00740nam a2200241 i 4500
001 184157
003 ES-MaACL
005 20230906222056.0
008 150401s1963 sp |||| |dspa d
080 _a929:75 Rouault
100 1 _aDorival, Bernard.
_945407
245 1 0 _aRouault /
_cBernard Dorival ; [traducción... de Juan Bris Montes].
250 _a1ª ed.
260 _aBarcelona :
_bFontanella,
_c1963.
300 _a157 p. ;
_c17 cm.
490 1 _aTestigos del siglo XX ;
_v6
599 _aEn cub.: retr. de Rouault.
600 1 7 _aRouault, Georges (
_d1871-1958)
_9156645
700 1 _aBris Montes, Juan.
_9173038
830 0 _aTestigos del siglo XX ;
_v6
_9192049
852 _aES-MaACL
_jE-15527
999 _c184157
_d184157